| 000 | 00847nam a2200217 a 4500 | ||
|---|---|---|---|
| 999 |
_c4409 _d4409 |
||
| 001 | 4409 | ||
| 003 | CDMR | ||
| 005 | 20240227103151.0 | ||
| 008 | 130130s2009||||||||||||||||||||||||||||d | ||
| 040 |
_aCDMR _bcat _cCDMR |
||
| 110 | 2 |
_9133 _aCol·legi de Periodistes de Catalunya |
|
| 245 | 0 | 4 |
_aEls gabinets de comunicació _b: criteris de bones pràctiques professionals _h[Recurs electrònic] _c/ Col·legi de Periodistes de Catalunya |
| 260 |
_aBarcelona : _bCol·legi de Periodistes de Catalunya, _c[2009] |
||
| 300 | _a6 p. | ||
| 650 | 0 | 4 |
_93333 _aGabinets de premsa |
| 650 | 0 | 4 |
_9983 _aÈtica periodística |
| 650 | 0 | 4 |
_92798 _aComunicació en l'empresa |
| 650 | 0 | 4 |
_93870 _aComunicació en l'administració |
| 856 |
_uhttps://fcic.periodistes.cat/wp-content/uploads/2013/11/MANUAL_BONES_PRACTIQUES.pdf _yAccés lliure |
||
| 942 |
_cRECURS_WEB _2udc |
||